000 00336nam a2200133Ia 4500
008 240624s9999 xx 000 0 und d
041 _aeng
082 _a828 BHU
100 _aBHUTTO FATIMA
245 _aSONGS OF BLOOD AND SWORD A DAUGHTERÂ’S ME
260 _c2010
_aNew Delhi
_bPenguin/Viking
300 _a480 : p.
365 _cRS
_b25
999 _c23732
_d23732